| 000 | 00447nmm a2200157Ia 4500 | ||
|---|---|---|---|
| 008 | 251105s9999||||xx |||||||||||||||||und|| | ||
| 020 | _a9788496554313 | ||
| 041 | _aspa | ||
| 100 | _aSanchez Diaz, Andrés | ||
| 245 | 0 | _aEl imperio contra Dios | |
| 264 |
_a[Madrid, España] : _bEquipo Sirius, _c2007 |
||
| 300 | _a566 páginas | ||
| 650 | _aScience fiction & Fantasy | ||
| 856 | _uhttps://public.digitaliapublishing.com/a/70048 | ||
| 942 | _cCF | ||
| 999 |
_c89961 _d89961 |
||